| 000 | 00502cam a2200181ua 4500 | ||
|---|---|---|---|
| 020 |
_a81 85618 18 6 _c325.00 |
||
| 041 |
_aeng _h |
||
| 082 |
_a632.7 _bHIL/AG |
||
| 100 | _aHill, Dennis S . | ||
| 245 |
_aAgricultural insect pests of the tropics and their control / _cDennis S Hill. _hTextual Documents |
||
| 250 |
_a2 / _b. |
||
| 260 |
_aCambridge : _bCambridge University Press , _c1993. |
||
| 300 | _a746 ; . | ||
| 365 | _a325.00 | ||
| 504 | _a | ||
| 942 | _cBK | ||
| 999 |
_c2823 _d2823 |
||